ბათუმის შოთა რუსთაველის სახელმწიფო უნივერსიტეტის ბიბლიოთეკა

Железобетонные конструкций:общий курс. (ბიბ.ჩანაწერი № 40403)

000 -LEADER
fixed length control field 00734nam a2200229Ia 4500
001 - CONTROL NUMBER
control field 7011
003 - CONTROL NUMBER IDENTIFIER
control field GE_BSU
008 - FIXED-LENGTH DATA ELEMENTS--GENERAL INFORMATION
fixed length control field 181216s||||||||xx |||||||||||||| ||und||
040 ## - CATALOGING SOURCE
Transcribing agency GE_BSU
080 ## - UNIVERSAL DECIMAL CLASSIFICATION NUMBER
Universal Decimal Classification number 624.012.45(075.8)
100 ## - MAIN ENTRY--PERSONAL NAME
Personal name Байков,В.Н. Сигалов,Э.Е.
245 ## - TITLE STATEMENT
Title Железобетонные конструкций:общий курс.
245 ## - TITLE STATEMENT
Remainder of title Учебник для вузов.
245 ## - TITLE STATEMENT
Statement of responsibility, etc. науч. ред. А.Н.Волгушев.
250 ## - EDITION STATEMENT
Edition statement Изд. второе, перераб. и доп.
260 ## - PUBLICATION, DISTRIBUTION, ETC.
Place of publication, distribution, etc. М.
260 ## - PUBLICATION, DISTRIBUTION, ETC.
Name of publisher, distributor, etc. Стройиздат.
260 ## - PUBLICATION, DISTRIBUTION, ETC.
Date of publication, distribution, etc. 1977.
300 ## - PHYSICAL DESCRIPTION
Extent 783стр.с илл.22см.
653 ## - INDEX TERM--UNCONTROLLED
Uncontrolled term Железобетонные конструкций.
942 ## - ADDED ENTRY ELEMENTS (KOHA)
Koha item type წიგნი
ეგზემპლარები
Withdrawn status Lost status Damaged status Not for loan Date acquired Barcode Date last seen Price effective from Koha item type
        2018-12-17 11428 2018-12-17 2018-12-17 წიგნი
        2018-12-17 11429 2018-12-17 2018-12-17 წიგნი
        2018-12-17 11430 2018-12-17 2018-12-17 წიგნი
        2018-12-17 11431 2018-12-17 2018-12-17 წიგნი
        2018-12-17 11432 2018-12-17 2018-12-17 წიგნი
        2018-12-17 11433 2018-12-17 2018-12-17 წიგნი
        2018-12-17 11434 2018-12-17 2018-12-17 წიგნი